Social Economy and Sustainable Development

Salvato in:
Dettagli Bibliografici
Autore principale: Popławski, Łukasz
Altri autori: Rutkowska-Podołowska, Małgorzata
Natura: Capitolo di libro
Lingua:inglese
Tags: Aggiungi Tag
Nessun Tag, puoi essere il primo ad aggiungerne!!

MARC

LEADER 00000nla a2200000 4500
001 0151849
005 20240102143108.3
041 0 |a eng 
044 |a SK 
245 1 0 |a Social Economy and Sustainable Development  |c Łukasz Popławski, Małgorzata Rutkowska-Podołowska 
100 1 |a Popławski, Łukasz 
700 1 |a Rutkowska-Podołowska, Małgorzata